000 01004nam a2200289Ia 4500
001 Para_6892
003 CHAP
008 220125s19 9 xx 000 0 und d
010 _a205208
040 _cCHAP
082 _aPA 630.72016 L58
245 _aLista de tesis presentada en las escuelas de agricultura, ganadería y medicina veterinaria de la República Mexicana /
_c comp. por Margarita Sandoval Guerrero
260 _aChapingo, Méx. :
_b UACh. Biblioteca Central
300 _av.
500 _aLa biblioteca tiene : 1856-67, 1968-1970, 1971-72, 1973-75
650 _aAgricultura
_x investigación
_x bibliografía
_91588
650 _aGanadería
_x Investigación
_xMéxico
_xBibliografía
_9170223
650 _aVeterinaria
_9118987
700 _aSandoval Guerrero, Margarita
_9102132
901 _aPA 630.72016 L58
902 _aA
905 _a00000019 - 0000000000 00
910 _a19 -
942 _cPARA
942 _cPARA
_d1
999 _c205208
_d205208